MDQL
is popping MORE tags! Check the
thread
!
Quizzes
Events
Quiz Creation
Community
Videos
Private Events
Remove Ads
Sign In
Join for FREE
Feedback
Dark Mode
Quiz Categories
Sports
Geography
Music
Movies
Television
Just For Fun
Miscellaneous
History
Literature
Language
Science
Gaming
Entertainment
Religion
Holiday
For Kids
Quiz Lab
Recent
Popular Today
Quiz Kudos Today
Editor Picks
Curator Picks
Quizzes by...
Day
Popularity
Type
Ratings
Length
Year
Community
Subscriptions
Recent Discussions
Orange Saloon
Badges
Playlists
Quests
Create
Leaderboards
Showdown
Live 5
Trivia Bingo
Activity
Puzzle Library
Sporcle Events
Private Events
Virtual Trivia
Globe League
Become a Host
Pub Owners
SporcleCon
Opinionation
Our Games
Videos
Blog
Mobile Apps
Partnerships
Remove Ads and Go Orange
Feedback
Entertainment
Celebrity
Famous
Musical
Broadway
Show
Quote
Comic Books
Anime
Superhero
DC Comics
Marvel
Cartoons
Animation
Entertainment
Celebrity
Famous
Musical
Broadway
Show
Quote
Comic Books
Anime
Superhero
DC Comics
Marvel
Cartoons
Animation
Random Quiz
Search Sporcle
×
Quiz Lab
Quiz Lab
Entertainment
Slogans
Type in answers that appear in a list
Type in answers that appear in a list
Classic
Best Score? Go Orange.
Car Brands Around the World Stats
Can you name the The car brands of the world?
By
jobrien
20m
133 Questions
142 Plays
142 Plays
142 Plays
Comments
Comments
Give Quiz Kudos
Give Quiz Kudos
-
- Ratings
hide this ad
Replay
Link that replays current quiz
Next Quiz
Link to next quiz in quiz playlist
You Got
0%
They Got
Avg Score
24%
Avg Friend Score
Upgrade to see
Score Distribution
Jump to the score distribution portion of the page
Score
0/133
Timer
20:00
0
Plays Today
Country
Brand
% Correct
USA
Ford
82.1%
Italy
Ferrari
75.7%
Germany
BMW
74.3%
Japan
Toyota
72.9%
Germany
Volkswagen
71.4%
Germany
Audi
70%
Italy
Fiat
70%
Japan
Honda
70%
Germany
Mercedes
70%
Sweden
Volvo
67.1%
USA
Chevrolet
65%
South Korea
Hyundai
65%
South Korea
KIA
64.3%
Italy
Alfa Romeo
63.6%
Italy
Lamborghini
62.9%
Japan
Nissan
62.1%
Germany
Porsche
60%
Sweden
Saab
57.9%
France
Renault
55.7%
France
Peugeot
55%
USA
GM
53.6%
England
Bentley
52.9%
Japan
Mazda
52.9%
Japan
Mitsubishi
52.9%
Germany
Opel
52.9%
England
Jaguar
52.1%
England
Aston Martin
50.7%
Japan
Lexus
50.7%
USA
Dodge
50%
Japan
Subaru
50%
England
Mini
49.3%
England
Rolls Royce
48.6%
USA
Chrysler
47.9%
Australia
Holden
47.1%
Czech Republic
Skoda
47.1%
Italy
Maserati
45.7%
USA
Buick
45%
USA
Cadillac
45%
England
Land Rover
45%
England
AC
44.3%
USA
Jeep
42.9%
Japan
Suzuki
40%
England
Vauxhall
40%
Japan
Acura
39.3%
India
Tata
39%
Country
Brand
% Correct
USA
Lincoln
37.1%
England
Lotus
36.4%
Japan
Infiniti
35.7%
Italy
Lancia
34.3%
USA
GMC
32.9%
England
Mclaren
32.1%
USA
Tesla
30%
Japan
Isuzu
27.1%
England
MG
26.4%
Sweden
Koenigsegg
26.4%
England
TVR
24.3%
Germany
Smart
24.3%
Italy
Pagani
23.6%
Italy
Abarth
23.6%
USA
Ram
20.7%
Englad
Range Rover
20%
Germany
Maybach
19.3%
Netherlands
Spyker
17.9%
England
Ariel
14.3%
England
Morgan
13.6%
Japan
Scion
12.9%
England
Caterham
12.9%
England
Noble
12.9%
USA
Shelby
10.7%
England
Ascari
10.7%
Germany
Gumpert
10.7%
USA
Fisker
9.3%
England
Bristol
6.4%
Canada
Allard
5.7%
Russia
AvtoVaz
5.7%
Netherlands
Donkervoort
5.7%
England
Ultima
5%
Iran
Iran Khodro
4.3%
USA
SSC
4.3%
USA
Panoz
3.6%
Iran
Saipa
3.6%
New Zealand
Saker
3.6%
Ethiopia
Holland Car
2.9%
Ghana
Kantanka
2.9%
Iran
Pars Khodro
2.9%
Australia
Bolwell
2.9%
Australia
Elfin
2.9%
Brazil
Troller
2.9%
Belgium
Gillet
2.9%
USA
Mosler
2.9%
Country
Brand
% Correct
South Africa
Birkin
2.1%
Tunisia
Wallyscar
2.1%
New Zealand
Hulme
2.1%
Netherlands
Burton
2.1%
Netherlands
Carver
2.1%
England
Invicta
2.1%
Germany
Artega
2.1%
Italy
Fornasari
2.1%
Angola
Zhongji
1.4%
Egypt
Mod Car
1.4%
Ethiopia
Solaris
1.4%
South Africa
Barnard
1.4%
South Africa
Shaka
1.4%
Canada
Timmis
1.4%
Australia
Birchfield
1.4%
Russia
Avtoframos
1.4%
Poland
Leopard
1.4%
Belgium
Edran
1.4%
England
Connaught
1.4%
France
Microcar
1.4%
Czech Republic
Kaipan
1.4%
Botswana/
South Africa
Harper
0.7%
Egypt
GB
0.7%
Egypt
Egy-Tech
0.7%
Egypt
Speranza Chery
0.7%
Ghana
Otavi
0.7%
Madagascar
Karenjy
0.7%
Morocco
Ménara
0.7%
Morocco
Triam
0.7%
Nigeria
Izuogu
0.7%
South Africa
Revo
0.7%
South Africa
Superformance
0.7%
South Africa
Volkspares
0.7%
Australia
Carbontech
0.7%
Australia
Daytona
0.7%
Russia
Avtotor
0.7%
Greece
Namco
0.7%
Netherlands
Waaijenberg
0.7%
England
Berkeley
0.7%
England
Eterniti
0.7%
England
Farboud
0.7%
England
Gibbs Aquada
0.7%
France
Aixam
0.7%
Quiz Playlist
Details
Report
Send in Message
Add To Playlist
Classic:
Type in answers that appear in a list
Last Updated: Feb 16, 2017
Quiz Scoreboard
CHALLENGE
Sign Up to Join the Scoreboard
Show All
Scores
Hide
Comments
May contain spoilers
Recently Published
Find the 'City' Movie
by crazypaving
Movies
60s
5x2 Blitz: Bands
by SL_Kpop136
Music
30s
Colored Red Africa Blitz
by spor1
Geography
30s
More to Explore
Quiz From the Vault
Featured Blog Post
14 Easter Pick-up Lines to Find Eggs With
hide this ad
You Might Also Like...
Tags
Cars Quiz
Company Quiz
Slogans Quiz
World Quiz
car
Car Companies
Today's Top Quizzes in Entertainment
Browse Entertainment
hide this ad
Today's Top Quizzes in Slogans
Browse Slogans
Top Contributed Quizzes in Entertainment
1
Dragon Ball Z: Goku's Fights in Order
2
Marvel Characters Bunker
3
Marvel Classic Character Map
4
Celebrity Spelling Bee
5
This is Your Life: Edward Elric
6
This is Your Life: Itachi Uchiha
7
Dragon Ball Z: Immortal Characters
8
X-Men: 10 to 1
9
Fairy Tail 12-1
10
Finish The Line - Starship (Starkid)
Explore More
Trending Topics
Kpop
Marvel
Crossword
Harry Potter
Anime
NBA
Disney
Soccer
Song
Puzzle
NFL
Pokémon
WWE
Country
The Office
hide this ad
More By:
jobrien
Quiz
Plays
Rating
Category
Featured
Created
Top U.S. Tourism Cities
545
5.00
Miscellaneous
May 23, 2012
Car Brands Around the World
142
3.67
Entertainment
May 19, 2012
Go to Creator's Profile
Score Distribution
Quiz Creator Spotlight
jobrien
Follow
Send a Message
Quizzes Created
-
Created Quiz Play Count
-
More By This Creator
Popular Quizzes Today
1
Colored Red Africa Blitz
2
Find the 'City' Movie
3
5x2 Blitz: Bands
4
Find the US States - No Outlines Minefield
5
The Countries of the World
6
Find the US States
7
US States
8
9x9 Crossword: Cartoon Network
More Entertainment Quizzes
Cartoons Wearing Grey
Curator's Pick
Trending Quizzes
Colored Red Europe Blitz I
Colored Red Africa Blitz II
Colored Red Europe Blitz II
Colored Red Europe Blitz III
Colored Red Africa Blitz III
Recently Updated
Famous TV Couples
Peacemaker
Champions League XIs: Real Madrid
pecheneg
Largest US Cities 1790-2010
pecheneg
Rides in Walt Disney World
pecheneg
Most Oscar Losses (Acting)
pecheneg
Beyoncé Albums
pecheneg
Leaping Animals
pecheneg
Reality TV Shows (A-Z)
bhenderson79
Rickey Henderson's Hall of Fame Teammates
pecheneg
Champions League XIs: Arsenal
pecheneg
Trending Topics
NBA
Marvel
Anime
Disney
Crossword
Kpop
Harry Potter
WWE
Country
The Office
NFL
Song
Pokémon
Puzzle
Soccer
Your Account Isn't Verified!
In order to create a playlist on Sporcle, you need to verify the email address you used during registration. Go to your
Sporcle Settings
to finish the process.
Report this User
Report this user for behavior that violates our
Community Guidelines
.
Details:
Send Report
Go to the Sporcle.com Mobile Site →
Comments